000 00493nam a2200205Ia 4500
003 OSt
005 20220602145433.0
008 210210b1971 xxu||||| |||| 00| 0 eng d
040 _cAL
041 _aEnglish
082 _a338.91 HAYA
100 _aHAYTER (Teresa).
_940147
245 _aAid As Imperialism
260 _aEngland
_bPenguin Books
_c1971
300 _a222
650 _aAid Imperialism
_940148
690 _aEconomic Development
_940149
906 _a041871
942 _2ddc
_cBK
999 _c91872
_d91872